| 000 | 02477nam0a2200481 4500 | ||
|---|---|---|---|
| 001 | rc\3015301 | ||
| 005 | 20260408204011.0 | ||
| 035 | _a(NLR Aleph) 007157637 | ||
| 090 |
_a7216474 _c7216474 |
||
| 100 | _a20110925d1941 u y0rusy50 ca | ||
| 101 | 0 | _arus | |
| 102 | _aRU | ||
| 105 | _ay z 000zy | ||
| 135 | _acrcn 024anaba | ||
| 200 | 1 |
_aЛенинградский комсомол в боях за родину _fА. Залесская, Е. Пашкевич _gЛенинградский институт истории ВКП(б), Филиал Института Маркса - Энгельса - Ленина при ЦК ВКП(б) |
|
| 210 |
_a[Ленинград] _cЛенинградское газетно-журнальное и книжное изд-во _d1941 |
||
| 215 |
_a39, [1] с. _d17,7х13,2х0,7 |
||
| 320 | _aБиблиогр. в подстроч. примеч. | ||
| 325 | _aКопия доступна в Электрон. б-ке РНБ | ||
| 606 |
_aКомсомольцы _xУчастие в Великой Отечественной войне _z1941 - 1945 _3RU\NLR\AUTH\661557069 _92620509 |
||
| 686 | 1 | _aФ75(2)127.221 | |
| 686 | 1 | _aТ3(2)722.74 | |
| 700 | 1 |
_7ca _8rus _aЗалесская _bА. М. _f1910- _gАнна Моисеевна _9227217 _3RU\NLR\AUTH\770227273 |
|
| 701 | 1 |
_7ca _8rus _aПашкевич _bЕ. _f1906- _gЕва Феофановна _9227226 _3RU\NLR\AUTH\770227282 |
|
| 801 | 0 |
_aRU _bNLR _gpsbo |
|
| 801 | 1 |
_aRU _bELAR _2rusmarc |
|
| 852 |
_aNLR _jII Л3-60/1-17 |
||
| 852 |
_aNLR _jИр74 Г-2/18 |
||
| 856 | 0 | _uhttps://vivaldi.nlr.ru/bx000025384/view | |
| 856 | 1 | _uhttps://vivaldi.nlr.ru/bx000025384/cover | |
| 856 | 2 | _uhttps://vivaldi.nlr.ru/bx000025384/text | |
| 942 | _cBOOK | ||
| 945 | _aРоссийская национальная библиотека | ||
| 980 | 3 | _akpnscan | |
| 980 | _aNB | ||
| 980 | _aBV | ||
| 981 | 3 | 7 |
_a(37) Ленинград в Великой Отечественной войне _b(37) Книги блокадного Ленинграда |
| 981 | 2 | 0 |
_a(20) Книжные памятники РНБ _b(20) Русский книжный фонд |